Sports Quiz

Random Sports or NCAA Quiz

College Football Top 5 (1951-2010) Quiz Stats

Quiz Updated Dec 2, 2011

Challenge
Share
Tweet
Embed
Score 0/300 Timer 09:00
27 Plays Today
Year Team % Correct
1971Alabama
97.9%
1973Alabama
97.9%
1974Alabama
97.9%
1975Alabama
97.9%
1977Alabama
97.9%
1978Alabama
97.9%
1979Alabama
97.9%
1991Alabama
97.9%
1992Alabama
97.9%
1994Alabama
97.9%
2009Alabama
97.9%
1984Florida
97.8%
1985Florida
97.8%
1993Florida
97.8%
1995Florida
97.8%
1996Florida
97.8%
1997Florida
97.8%
1998Florida
97.8%
2001Florida
97.8%
2006Florida
97.8%
2008Florida
97.8%
2009Florida
97.8%
1972Texas
97.6%
1977Texas
97.6%
1981Texas
97.6%
1983Texas
97.6%
2001Texas
97.6%
2004Texas
97.6%
2005Texas
97.6%
2008Texas
97.6%
2009Texas
97.6%
1974Michigan
96.6%
1976Michigan
96.6%
1978Michigan
96.6%
1980Michigan
96.6%
1985Michigan
96.6%
1988Michigan
96.6%
1992Michigan
96.6%
1997Michigan
96.6%
1999Michigan
96.6%
1972USC
96.1%
1974USC
96.1%
1976USC
96.1%
1978USC
96.1%
1979USC
96.1%
2002USC
96.1%
2003USC
96.1%
2004USC
96.1%
2005USC
96.1%
2006USC
96.1%
2007USC
96.1%
2008USC
96.1%
1973Ohio State
95.8%
1974Ohio State
95.8%
1975Ohio State
95.8%
1979Ohio State
95.8%
1996Ohio State
95.8%
1998Ohio State
95.8%
2002Ohio State
95.8%
2003Ohio State
95.8%
2005Ohio State
95.8%
2006Ohio State
95.8%
2007Ohio State
95.8%
2009Ohio State
95.8%
1952USC
95.6%
1980Florida State
95.6%
1987Florida State
95.6%
1988Florida State
95.6%
1989Florida State
95.6%
1990Florida State
95.6%
1991Florida State
95.6%
1992Florida State
95.6%
1993Florida State
95.6%
1994Florida State
95.6%
1995Florida State
95.6%
1996Florida State
95.6%
1997Florida State
95.6%
1998Florida State
95.6%
1999Florida State
95.6%
2000Florida State
95.6%
1954Ohio State
95.5%
1971Oklahoma
95.2%
1972Oklahoma
95.2%
1973Oklahoma
95.2%
1974Oklahoma
95.2%
1975Oklahoma
95.2%
1976Oklahoma
95.2%
1978Oklahoma
95.2%
1979Oklahoma
95.2%
1980Oklahoma
95.2%
1985Oklahoma
95.2%
1986Oklahoma
95.2%
1987Oklahoma
95.2%
2000Oklahoma
95.2%
2002Oklahoma
95.2%
2003Oklahoma
95.2%
2004Oklahoma
95.2%
2008Oklahoma
95.2%
1954Oklahoma
94.8%
1953Oklahoma
94.8%
Year Team % Correct
1952Oklahoma
94.8%
2001Oregon
94.2%
2010Ohio State
93.5%
1987LSU
93.5%
2003LSU
93.5%
2006LSU
93.5%
2007LSU
93.5%
1966Alabama
92.8%
1965Alabama
92.8%
1964Alabama
92.8%
1962Alabama
92.8%
1961Alabama
92.8%
1980Georgia
92.6%
1982Georgia
92.6%
1983Georgia
92.6%
2002Georgia
92.6%
2007Georgia
92.6%
1970Texas
92.5%
1969Texas
92.5%
1968Texas
92.5%
1964Texas
92.5%
1963Texas
92.5%
1962Texas
92.5%
1961Texas
92.5%
1959Texas
92.5%
2010Oregon
91.9%
1983Miami
91.7%
1986Miami
91.7%
1987Miami
91.7%
1988Miami
91.7%
1989Miami
91.7%
1990Miami
91.7%
1991Miami
91.7%
1992Miami
91.7%
2000Miami
91.7%
2001Miami
91.7%
2002Miami
91.7%
2003Miami
91.7%
1972Auburn
91.5%
1983Auburn
91.5%
1993Auburn
91.5%
2004Auburn
91.5%
1964Michigan
91.5%
1953Michigan State
91.4%
1952Michigan State
91.4%
1951Michigan State
91.4%
1969USC
91%
1968USC
91%
1967USC
91%
1962USC
91%
1973Notre Dame
90.8%
1977Notre Dame
90.8%
1988Notre Dame
90.8%
1989Notre Dame
90.8%
1992Notre Dame
90.8%
1993Notre Dame
90.8%
1970Ohio State
90.7%
1969Ohio State
90.7%
1968Ohio State
90.7%
1961Ohio State
90.7%
1957Ohio State
90.7%
1955Ohio State
90.7%
1954Notre Dame
90.4%
1953Notre Dame
90.4%
1952Notre Dame
90.4%
1975UCLA
90.3%
1982UCLA
90.3%
1997UCLA
90.3%
1954UCLA
90.2%
1953UCLA
90.2%
1967Oklahoma
90.2%
1958Oklahoma
90.2%
1957Oklahoma
90.2%
1956Oklahoma
90.2%
1955Oklahoma
90.2%
2010Auburn
89.3%
1971Penn State
89.1%
1973Penn State
89.1%
1977Penn State
89.1%
1978Penn State
89.1%
1981Penn State
89.1%
1982Penn State
89.1%
1985Penn State
89.1%
1986Penn State
89.1%
1994Penn State
89.1%
1991Penn State
89.1%
2005Penn State
89.1%
1971Nebraska
88.6%
1972Nebraska
88.6%
1982Nebraska
88.6%
1983Nebraska
88.6%
1984Nebraska
88.6%
1986Nebraska
88.6%
1993Nebraska
88.6%
1994Nebraska
88.6%
1995Nebraska
88.6%
1997Nebraska
88.6%
1999Nebraska
88.6%
1958LSU
88.6%
1961LSU
88.6%
Year Team % Correct
1959LSU
88.6%
1966Georgia
87.7%
1959Georgia
87.7%
1985Tennessee
87.6%
1989Tennessee
87.6%
1995Tennessee
87.6%
1998Tennessee
87.6%
2001Tennessee
87.6%
1984Washington
87.1%
1990Washington
87.1%
1991Washington
87.1%
2000Washington
87.1%
1951Tennessee
87.1%
1966Michigan State
86.8%
1965Michigan State
86.8%
1957Michigan State
86.8%
1955Michigan State
86.8%
1963Auburn
86.7%
1958Auburn
86.7%
1957Auburn
86.7%
1970Notre Dame
85.9%
1969Notre Dame
85.9%
1968Notre Dame
85.9%
1967Notre Dame
85.9%
1966Notre Dame
85.9%
1964Notre Dame
85.9%
1966UCLA
85.6%
1965UCLA
85.6%
1955UCLA
85.6%
1969Penn State
84.4%
1968Penn State
84.4%
1999Wisconsin
84.3%
1970Nebraska
83.8%
1965Nebraska
83.8%
1970Tennessee
82.9%
1967Tennessee
82.9%
1956Tennessee
82.9%
2006Boise State
82.8%
2009Boise State
82.8%
1998Arizona
82.6%
1977Arkansas
81%
1999Virginia Tech
80.7%
1956Texas A&M
80%
1962Wisconsin
79.9%
2010Stanford
79.4%
1990Georgia Tech
79.1%
1962Mississippi
79%
1961Mississippi
79%
1960Mississippi
79%
1959Mississippi
79%
1952Georgia Tech
78.5%
1951Georgia Tech
78.5%
1975Arizona State
78.2%
1986Arizona State
78.2%
1996Arizona State
78.2%
1971Colorado
78%
1989Colorado
78%
1990Colorado
78%
1994Colorado
78%
1995Colorado
78%
2000Oregon State
77.1%
2010TCU
76.8%
1965Arkansas
76.6%
1964Arkansas
76.6%
1951Illinois
76.1%
1960Iowa
75.8%
1958Iowa
75.8%
1956Iowa
75.8%
1956Georgia Tech
74.9%
1981Clemson
74.4%
1954Navy
74.4%
2004Utah
73.8%
2008Utah
73.8%
1963Illinois
72.8%
1976Pittsburgh
72.5%
1980Pittsburgh
72.5%
1981Pittsburgh
72.5%
2007Missouri
72.3%
1988West Virginia
72.1%
2005West Virginia
72.1%
1987Syracuse
70.9%
1958Army
70.8%
1960Minnesota
70.8%
1963Navy
70.7%
1960Navy
70.7%
1957Navy
70.7%
1960Missouri
68.5%
1963Pittsburgh
68.5%
1967Indiana
68%
1959Syracuse
67.4%
1953Maryland
67%
1951Maryland
67%
1984BYU
66.9%
1996BYU
66.9%
1984Boston College
64.9%
1955Maryland
63.7%
1981SMU
57.8%
1982SMU
57.8%
1976Houston
49.4%
1979Houston
49.4%

You're not logged in!

Compare scores with friends on all Sporcle quizzes.
Sign Up with Email
OR
Log In

You Might Also Like...

Show Comments

Extras

Top Quizzes Today


Score Distribution

Your Account Isn't Verified!

In order to create a playlist on Sporcle, you need to verify the email address you used during registration. Go to your Sporcle Settings to finish the process.